MAASAI MARA UNIVERSITY

LIBRARY CATALOGUE

Contact Us: +254 020 2685356/7 or 0774 057787

Box: 861-20500, NAROK, KENYA

Email: info@mmarau.ac.ke

_Medical Sociology Duane A Matcha (Record no. 12807)

MARC details
000 -LEADER
fixed length control field 00499nam a2200157Ia 4500
008 - FIXED-LENGTH DATA ELEMENTS--GENERAL INFORMATION
fixed length control field 151021s9999 xx 000 0 und d
020 ## - INTERNATIONAL STANDARD BOOK NUMBER
International Standard Book Number 205263097
050 ## - LIBRARY OF CONGRESS CALL NUMBER
Classification number RA 418 .M327 1999
245 ## - TITLE STATEMENT
Title _Medical Sociology Duane A Matcha
260 ## - PUBLICATION, DISTRIBUTION, ETC. (IMPRINT)
Place of publication, distribution, etc. Massachusetts allyn and bacon 1999
300 ## - PHYSICAL DESCRIPTION
Extent xi,413p.
500 ## - GENERAL NOTE
General note Includes bibliographic references
500 ## - GENERAL NOTE
General note Includes bibliographic references
650 ## - SUBJECT ADDED ENTRY--TOPICAL TERM
Topical term or geographic name as entry element _Social medicine cross cultural studies
980 ## - EQUIVALENCE OR CROSS-REFERENCE-SERIES STATEMENT--PERSONAL NAME/TITLE [LOCAL, CANADA]
Personal name ^d20130205 03:39:00^oanne

No items available.

© 2016 Maasai Mara University.